भगवान रो रहा है / (Record no. 115282)

MARC details
000 -LEADER
fixed length control field 01091nam a22002657a 4500
005 - DATE AND TIME OF LATEST TRANSACTION
control field 20170124103021.0
010 ## - LIBRARY OF CONGRESS CONTROL NUMBER
LC control number A-745932
020 ## - INTERNATIONAL STANDARD BOOK NUMBER
Terms of availability 110.00
035 ## - SYSTEM CONTROL NUMBER
System control number A-745932
037 ## - SOURCE OF ACQUISITION
Source of stock number/acquisition Cen Lib/Ret
Stock number 8190379607
040 ## - CATALOGING SOURCE
Original cataloging agency DPL
Language of cataloging HN
082 ## - DEWEY DECIMAL CLASSIFICATION NUMBER
Classification number
Item number मित्रवि
100 ## - MAIN ENTRY--PERSONAL NAME
Personal name मित्र, विमल
9 (RLIN) 60714
245 ## - TITLE STATEMENT
Title भगवान रो रहा है /
Statement of responsibility, etc विमल मित्र ; सुशील गुप्ता
246 ## - VARYING FORM OF TITLE
Title proper/short title Bhagwan ro raha hai /
Remainder of title by Vimal mitr ; anuvadak Susheel Gupta
260 ## - PUBLICATION, DISTRIBUTION, ETC. (IMPRINT)
Place of publication, distribution, etc दिल्ली
Name of publisher, distributor, etc सन्मार्ग प्रकाशन
Date of publication, distribution, etc 1995
270 ## - ADDRESS
Address कश्मीरी गेट
City दिल्ली
Postal code 110007
300 ## - PHYSICAL DESCRIPTION
Extent 167पृ.
Dimensions 19सेमी(सजिल्द )
650 ## - SUBJECT ADDED ENTRY--TOPICAL TERM
Topical term or geographic name as entry element हिंदी साहित्य
General subdivision
Geographic subdivision
9 (RLIN) 60715
650 ## - SUBJECT ADDED ENTRY--TOPICAL TERM
Topical term or geographic name as entry element हिंदी उपन्यास
9 (RLIN) 60716
650 ## - SUBJECT ADDED ENTRY--TOPICAL TERM
Topical term or geographic name as entry element Hindi literature
Form subdivision
9 (RLIN) 60717
650 ## - SUBJECT ADDED ENTRY--TOPICAL TERM
Topical term or geographic name as entry element Hindi fiction
9 (RLIN) 27248
700 ## - ADDED ENTRY--PERSONAL NAME
Numeration गुप्ता, सुशील
9 (RLIN) 60718
942 ## - ADDED ENTRY ELEMENTS (KOHA)
Source of classification or shelving scheme Dewey Decimal Classification
Koha item type Hindi Books
Classification part
Call number suffix मित्रवि
Holdings
Withdrawn status Lost status Damaged status Not for loan Home library Current library Date acquired Source of acquisition Cost, normal purchase price Total Checkouts Total Renewals Full call number Barcode Date last seen Date checked out Copy number Cost, replacement price Price effective from Koha item type
        Central Library Central Library 19/08/2015 Cen Lib/Ref 110.00 1 1 उ मित्रवि A-745932 22/07/2024 25/06/2024 1 110.00 19/08/2015 Hindi Books

© Delhi Public Library
Hit Counter
free hit counter